Entrada Nombre personal
Número de registros utilizados en: 3
001 - NÚMERO DE CONTROL
- campo de control: 82955
003 - IDENTIFICADOR DE NÚMERO DE CONTROL
- campo de control: SpMaBN
005 - FECHA Y HORA DE LA ÚLTIMA TRANSACCIÓN
- campo de control: 20231228170448.0
008 - ELEMENTOS DE DATO DE LONGITUD-FIJA
- campo de control de longitud fija: 120831n|#azznnaabn |a aaa ##
010 ## - NÚMERO DE CONTROL DE LA BIBLIOTECA DEL CONGRESO
- Número de control de LC: XX5234541
024 7# - IDENTIFICADOR DE OTROS ESTÁNDARES
- Número estándar o código: http://www.wikidata.org/entity/Q29640547
- Fuente: wikidata
024 7# - IDENTIFICADOR DE OTROS ESTÁNDARES
- Número estándar o código: http://viaf.org/viaf/208947985/
- Fuente: viaf
040 ## - FUENTE DE CATALOGACIÓN
- Centro catalogador/agencia de origen: SpMaBN
- Lengua de catalogación: spa
- Centro/agencia transcriptor: SpMaBN
- Normas de descripción: rdc
- Convención/Normas de encabezamiento de materia/tesauro: embne
046 ## - FECHAS CON CODIFICACIÓN ESPECIAL
- Fecha de nacimiento: 1917
- Fecha de la muerte: 2014
100 1# - ENCABEZAMIENTO-NOMBRE DE PERSONA
- Nombre de persona: Moral y Pérez de Zayas, José María del,
- Fechas asociadas al nombre: 1917-2014
373 ## - GRUPO ASOCIADO
- Grupo asociado: Ateneo de Madrid
- Fuente de información: Olmos, Víctor. Ágora de la libertad: historia del Ateneo de Madrid (2018-2019); Socios de mérito y honor del Ateneo de Madrid (1946-1976)
375 ## - GÉNERO/SEXO
- Género: Masculino
400 1# - TRAZADO DE VÉASE--NOMBRE DE PERSONA
- Nombre de persona: Moral Pérez de Zayas, José María del,
- Fechas asociadas al nombre: 1917-2014
400 1# - TRAZADO DE VÉASE--NOMBRE DE PERSONA
- Nombre de persona: Moral, José María del,
- Fechas asociadas al nombre: 1917-2014
400 1# - TRAZADO DE VÉASE--NOMBRE DE PERSONA
- Nombre de persona: Del Moral,
- Fechas asociadas al nombre: 1917-2014
670 ## - FUENTE DE DATOS ENCONTRADOS
- Cita de la fuente: Entendimiento y valoración política del hombre, 1953
- Información encontrada: port. (José María del Moral y Pérez de Zayas)
670 ## - FUENTE DE DATOS ENCONTRADOS
- Cita de la fuente: Jornadas Literarias por la Mancha, [1954]
- Información encontrada: port. (prólogo, José María del Moral)
670 ## - FUENTE DE DATOS ENCONTRADOS
- Cita de la fuente: Responsabilidad histórica de Europa en África, 1965
- Información encontrada: port. (Prof. Del Moral)
670 ## - FUENTE DE DATOS ENCONTRADOS
- Cita de la fuente: WWW Eukomedia, 22-6-2016
- Información encontrada: (José María del Moral y Pérez de Zayas. Escritor y publicista navarro nacido en Pamplona el 12 de septiembre de 1917. Doctor en Filosofía y Letras, licenciado en Derecho y licenciado en Ciencias Políticas y Económicas, ha sido profesor adjunto de la Universidad de Madrid y titular de la Cátedra de Historia Contemporánea de España de la Escuela Oficial de Periodismo. Colaborador habitual de revistas, periódicos y televisión, ha desarrollado su faceta literaria principalmente por los campos de la historia y la política.)
- Identificador Uniforme de Recursos: http://www.euskomedia.org/aunamendi/81796
670 ## - FUENTE DE DATOS ENCONTRADOS
- Cita de la fuente: WWW ABC Hemeroteca, 22-6-2016
- Información encontrada: esquela 3-4-2014 (José María del Moral y Pérez de Zayas [...] nacido en Pamplona en 1917, falleció [...] el día 22 de marzo de 2014)
- Identificador Uniforme de Recursos: http://hemeroteca.abc.es/nav/Navigate.exe/hemeroteca/madrid/ab c/2014/04/03/071.html
678 ## - DATOS BIOGRÁFICOS O HISTÓRICOS
- Datos biográficos o históricos: Socio del Ateneo de Madrid. Socio de mérito n. 72 (1949). Vocal del Ateneo en 1963-74
- Ampliación de la nota: Fuentes: Olmos, Víctor. Ágora de la libertad: historia del Ateneo de Madrid (2018-2019); Socios de mérito y honor del Ateneo de Madrid (1946-1976)
